000 00579nam a22001217a 4500
040 _cRUA
082 _aVEM RET 2019 B1-530 Or.
100 _aRET SIREYROTH,រ៉េត សិរីរ័ត្ន
245 _aGASTRO-INTESTINAL PARASITES OF CATTLE AT KDERNGRAY COMMUNE,KANHCHRACH DISTRICT,PREY VENG PROVINCE,បរាសិតក្នុងក្រពះពោះវៀនគៅនៅឃុំក្តឿងរាយស្រុកកញ្ចៀច ខេត្តព្រៃវែង
260 _aphnom penh
_brua
_c2019
300 _aviii.38p.
_bill.
_c29cm.
942 _cVEM
999 _c21769
_d21769